Desarrollo de procedimientos para espectrómetro marca Spectral Products para captura de espectros de radiación óptica incoherente para el Laboratorio de Fotónica y Tecnología Láser Aplicada

Kaydedildi:
Detaylı Bibliyografya
Yazar: Arias Avendaño, Fabio Andrés
Materyal Türü: Kitap
Baskı/Yayın Bilgisi: [San José, Costa Rica] 2008
Konular:
Etiketler: Etiketle
Etiket eklenmemiş, İlk siz ekleyin!

MARC

LEADER 00000nam a2200000Ia 4500
003 010363
005 20221231144057.0
008 140114s2008 cr a 000 ||s d
040 |c cru CEDI  
090 |a TFG 5701 
100 |a Arias Avendaño, Fabio Andrés  |9 2536 
245 |a Desarrollo de procedimientos para espectrómetro marca Spectral Products para captura de espectros de radiación óptica incoherente para el Laboratorio de Fotónica y Tecnología Láser Aplicada  
260 |c 2008  |b [San José, Costa Rica] 
300 |a 1 volumen (en varias paginaciones); ilustraciones a color 
500 |a Proyecto de graduación (bachillerato en ingeniería eléctrica)--Universidad de Costa Rica. Facultad de Ingeniería. Escuela de Ingeniería Eléctrica 
650 |x ESPECTROMETRIA  |x DISPOSITIVOS OPTICOS  |x APARATOS E INSTRUMENTOS   |x PROGRAMACION (COMPUTADORAS ELECTRONICAS DIGITALES)   |x  RADIACION   |x  LASERS  |x  MANUALES   |9 4247 
942 |c TFG 
999 |c 16558  |d 16558